LEADER 01641nam0 22003733i 450 001 VAN00293666 005 20250529100457.594 017 70$2N$a9783031705694 100 $a20250529d2024 |0itac50 ba 101 $aeng 102 $aCH 105 $a|||| ||||| 181 $ai$b e 182 $ab 183 $acr 200 1 $aGreenhouse Gas Regulating Microorganisms in Soil Ecosystems$ePerspectives for Climate Smart Agriculture$fSantosh R. Mohanty, Bharati Kollah editors 210 $aCham$cSpringer$d2024 215 $aIX, 351 p.$cill.$d24 cm 620 $aCH$dCham$3VANL001889 676 $a577$cEcologia$v22 676 $a630$cAgricoltura e tecnologie connesse$v22 702 1$aKollah$bBharati$3VANV249565 702 1$aMohanty$bSantosh R.$3VANV249561 712 $aSpringer $3VANV108073$4650 790 1$aMohanty, S. R.$zMohanty, Santosh R.$3VANV249563 790 1$aMohanty, S.R.$zMohanty, Santosh R.$3VANV249564 801 $aIT$bSOL$c20250530$gRICA 856 4 $uhttps://link.springer.com/openurl?genre=book&isbn=978-3-031-70569-4$zE-book - Accesso al full-text attraverso riconoscimento IP di Ateneo, proxy e/o Shibboleth 899 $aBIBLIOTECA DEL DIPARTIMENTO DI SCIENZE E TECNOLOGIE AMBIENTALI BIOLOGICHE E FARMACEUTICHE$1IT-CE0101$2VAN17 912 $fN 912 $aVAN00293666 950 $aBIBLIOTECA DEL DIPARTIMENTO DI SCIENZE E TECNOLOGIE AMBIENTALI BIOLOGICHE E FARMACEUTICHE$d17CONS e-book 2395 $e17BIB2395/464 464 20250529 996 $aGreenhouse Gas Regulating Microorganisms in Soil Ecosystems$94215040 997 $aUNICAMPANIA